000 00303nam a22001337a 4500
008 171103b xxu||||| |||| 00| 0 eng d
020 _a9780135104156
041 _aeng
080 _23RD
_a339.138
100 _a60
101 _aMAR
245 _aREALITY OF REAL ESTATE
_cNEMETH,CH.P
942 _2udc
_cBK
999 _c37524
_d37524